Male firmy a bezrobocie.
Čo robiť, aby sa nezamestnanosť nestala brzdou reformy ekonomiky a aké štruktúrne zmeny za tejto situácie preferovať. Úloha malých a stredných firiem v hospodárstve. Technický pokrok a štruktúrne premeny. Pomoc štátu je nevyhnutná.
Salvato in:
| Autore principale: | |
|---|---|
| Natura: | Capitolo di libro |
| Lingua: | polacco |
| Soggetti: | |
| Tags: |
Nessun Tag, puoi essere il primo ad aggiungerne!!
|
MARC
| LEADER | 00000naa a2200000 4500 | ||
|---|---|---|---|
| 001 | r006428 | ||
| 005 | 20221125122858.6 | ||
| 041 | 0 | |a pol | |
| 044 | |a PL | ||
| 245 | 1 | 0 | |a Male firmy a bezrobocie. |c S. Marciniak |
| 520 | |a Čo robiť, aby sa nezamestnanosť nestala brzdou reformy ekonomiky a aké štruktúrne zmeny za tejto situácie preferovať. Úloha malých a stredných firiem v hospodárstve. Technický pokrok a štruktúrne premeny. Pomoc štátu je nevyhnutná. | ||
| 610 | 2 | 0 | |a nezamestnanosť |
| 610 | 2 | 0 | |a PR |
| 610 | 2 | 0 | |a podnik malý |
| 610 | 2 | 0 | |a podnik stredný |
| 610 | 2 | 0 | |a zmeny štruktúrne |
| 610 | 2 | 0 | |a rozvoj technický |
| 610 | 2 | 0 | |a subvencie |
| 100 | 1 | |a Marciniak, S. | |